000 01793cam a2200385 a 4500
001 EDZ0000116384
003 StDuBDS
005 20161031105127.0
006 m||||||||d||||||||
007 cr |||||||||||
008 130111s2011 caua fo| 0|0|0|eng|d
020 _a9781446261668 (ebook) :
_cNo price
040 _aStDuBDS
_beng
_cStDuBDS
_epn
049 _aAlfaisal Main Library
050 0 _aHB3730
_b.F5575 2011
082 0 4 _a658.40355
_223
245 0 0 _aForecasting
_h[electronic resource] /
_cedited by Robert Fildes and P. Geoffrey Allen.
260 _aLos Angeles, Calif. ;
_aLondon :
_bSAGE,
_c2011.
300 _a1 online resource (5 v.) :
_bill.
490 1 _aSAGE benchmarks in social research methods
505 0 _av. 1. Traditional time-series and computer-intensive methods -- v. 2. Econometric and combining methods -- v. 3. Judgemental methods and forecasting competitions -- v. 4. Forecasts errors, forecast distributions and macroeconomic applications -- v. 5. Forecasting applications, practice and planning.
520 8 _aWith coverage of the methodologies, differing techniques and problem areas, this set brings together articles published in the past 30 years on the discipline of forecasting.
521 _aSpecialized.
588 _aDescription based on print version record.
504 _aIncludes bibliographical references.
650 0 _aBusiness forecasting.
655 7 _aElectronic books.
_2local
700 1 _aFildes, Robert.
700 1 _aAllen, P. Geoffrey
_q(Philip Geoffrey),
_d1942-
710 2 _aSage eBooks
776 0 8 _iPrint version :
_z9781848607828
830 0 _aSAGE benchmarks in social research methods.
856 4 0 _uhttp://ezproxy.alfaisal.edu/login?url=http://sk.sagepub.com/navigator/forecasting
942 _2lcc
_cEBOOKS
999 _c479899
_d479899